<?xml version="1.0" encoding="UTF-8"?>
<record
    xmlns:xsi="http://www.w3.org/2001/XMLSchema-instance"
    xsi:schemaLocation="http://www.loc.gov/MARC21/slim http://www.loc.gov/standards/marcxml/schema/MARC21slim.xsd"
    xmlns="http://www.loc.gov/MARC21/slim">

  <leader>01768nam0a2200337 i 4500</leader>
  <controlfield tag="001">RU\NLR\BIBL_A\011291787</controlfield>
  <controlfield tag="005">20260405094329.0</controlfield>
  <datafield tag="010" ind1=" " ind2=" ">
    <subfield code="a">9785798203628</subfield>
    <subfield code="9">150</subfield>
  </datafield>
  <datafield tag="021" ind1=" " ind2=" ">
    <subfield code="a">RU</subfield>
    <subfield code="b">2016-90644</subfield>
    <subfield code="9">5974</subfield>
  </datafield>
  <datafield tag="035" ind1=" " ind2=" ">
    <subfield code="a">(NLR Aleph) 011291787</subfield>
  </datafield>
  <datafield tag="090" ind1=" " ind2=" ">
    <subfield code="a">10926038</subfield>
    <subfield code="c">10926038</subfield>
  </datafield>
  <datafield tag="100" ind1=" " ind2=" ">
    <subfield code="a">20161213d2016    u  y0rusy50      ca</subfield>
  </datafield>
  <datafield tag="101" ind1="0" ind2=" ">
    <subfield code="a">rus</subfield>
  </datafield>
  <datafield tag="102" ind1=" " ind2=" ">
    <subfield code="a">RU</subfield>
  </datafield>
  <datafield tag="105" ind1=" " ind2=" ">
    <subfield code="a">a   z   000zy</subfield>
  </datafield>
  <datafield tag="200" ind1="1" ind2=" ">
    <subfield code="a">&#x422;&#x438;&#x43F;&#x44B; &#x431;&#x438;&#x444;&#x443;&#x440;&#x43A;&#x430;&#x446;&#x438;&#x438; &#x441;&#x43E;&#x43D;&#x43D;&#x44B;&#x445; &#x430;&#x440;&#x442;&#x435;&#x440;&#x438;&#x439; &#x438; &#x43E;&#x441;&#x43E;&#x431;&#x435;&#x43D;&#x43D;&#x43E;&#x441;&#x442;&#x438; &#x438;&#x445; &#x434;&#x438;&#x430;&#x433;&#x43D;&#x43E;&#x441;&#x442;&#x438;&#x43A;&#x438;. &#x412;&#x438;&#x434;&#x44B; &#x445;&#x438;&#x440;&#x443;&#x440;&#x433;&#x438;&#x447;&#x435;&#x441;&#x43A;&#x438;&#x445; &#x440;&#x435;&#x43A;&#x43E;&#x43D;&#x441;&#x442;&#x440;&#x443;&#x43A;&#x446;&#x438;&#x439; &#x441;&#x43E;&#x43D;&#x43D;&#x44B;&#x445; &#x430;&#x440;&#x442;&#x435;&#x440;&#x438;&#x439;</subfield>
    <subfield code="f">&#x418;. &#x418;. &#x421;&#x43A;&#x43E;&#x43F;&#x438;&#x43D;, &#x41D;. &#x410;. &#x414;&#x430;&#x440;&#x432;&#x438;&#x448;, &#x410;. &#x410;. &#x41C;&#x430;&#x43B;&#x438;&#x43D;&#x438;&#x43D;</subfield>
    <subfield code="g">&#x41D;&#x430;&#x443;&#x447;. &#x446;&#x435;&#x43D;&#x442;&#x440; &#x441;&#x435;&#x440;&#x434;&#x435;&#x447;&#x43D;&#x43E;-&#x441;&#x43E;&#x441;&#x443;&#x434;&#x438;&#x441;&#x442;&#x43E;&#x439; &#x445;&#x438;&#x440;&#x443;&#x440;&#x433;&#x438;&#x438; &#x438;&#x43C;. &#x410;. &#x41D;. &#x411;&#x430;&#x43A;&#x443;&#x43B;&#x435;&#x432;&#x430; &#x41C;&#x417; &#x420;&#x424;</subfield>
  </datafield>
  <datafield tag="210" ind1=" " ind2=" ">
    <subfield code="a">&#x41C;&#x43E;&#x441;&#x43A;&#x432;&#x430;</subfield>
    <subfield code="c">&#x424;&#x413;&#x411;&#x423; "&#x41D;&#x426;&#x421;&#x421;&#x425; &#x438;&#x43C;. &#x410;. &#x41D;. &#x411;&#x430;&#x43A;&#x443;&#x43B;&#x435;&#x432;&#x430;" &#x41C;&#x417; &#x420;&#x424;</subfield>
    <subfield code="d">2016</subfield>
  </datafield>
  <datafield tag="215" ind1=" " ind2=" ">
    <subfield code="a">31, [1] c.</subfield>
    <subfield code="c">&#x438;&#x43B;.</subfield>
    <subfield code="d">20</subfield>
  </datafield>
  <datafield tag="320" ind1=" " ind2=" ">
    <subfield code="a">&#x411;&#x438;&#x431;&#x43B;&#x438;&#x43E;&#x433;&#x440;.: &#x441;. 31-32 (15 &#x43D;&#x430;&#x437;&#x432;.)</subfield>
  </datafield>
  <datafield tag="517" ind1="1" ind2=" ">
    <subfield code="a">&#x412;&#x438;&#x434;&#x44B; &#x445;&#x438;&#x440;&#x443;&#x440;&#x433;&#x438;&#x447;&#x435;&#x441;&#x43A;&#x438;&#x445; &#x440;&#x435;&#x43A;&#x43E;&#x43D;&#x441;&#x442;&#x440;&#x443;&#x43A;&#x446;&#x438;&#x439; &#x441;&#x43E;&#x43D;&#x43D;&#x44B;&#x445; &#x430;&#x440;&#x442;&#x435;&#x440;&#x438;&#x439;</subfield>
  </datafield>
  <datafield tag="606" ind1="1" ind2=" ">
    <subfield code="a">&#x421;&#x43E;&#x43D;&#x43D;&#x44B;&#x435; &#x430;&#x440;&#x442;&#x435;&#x440;&#x438;&#x438;</subfield>
    <subfield code="x">&#x410;&#x442;&#x435;&#x440;&#x43E;&#x441;&#x43A;&#x43B;&#x435;&#x440;&#x43E;&#x437;</subfield>
    <subfield code="x">&#x41B;&#x443;&#x447;&#x435;&#x432;&#x430;&#x44F; &#x434;&#x438;&#x430;&#x433;&#x43D;&#x43E;&#x441;&#x442;&#x438;&#x43A;&#x430;</subfield>
    <subfield code="9">2275491</subfield>
    <subfield code="3">RU\NLR\AUTH\6601592244</subfield>
  </datafield>
  <datafield tag="606" ind1=" " ind2=" ">
    <subfield code="a">&#x421;&#x43E;&#x43D;&#x43D;&#x44B;&#x435; &#x430;&#x440;&#x442;&#x435;&#x440;&#x438;&#x438;</subfield>
    <subfield code="x">&#x421;&#x442;&#x435;&#x43D;&#x43E;&#x437;</subfield>
    <subfield code="x">&#x425;&#x438;&#x440;&#x443;&#x440;&#x433;&#x438;&#x447;&#x435;&#x441;&#x43A;&#x43E;&#x435; &#x43B;&#x435;&#x447;&#x435;&#x43D;&#x438;&#x435;</subfield>
    <subfield code="9">2471152</subfield>
    <subfield code="3">RU\NLR\AUTH\661467672</subfield>
  </datafield>
  <datafield tag="686" ind1="1" ind2=" ">
    <subfield code="a">&#x420;627.704.1-43</subfield>
  </datafield>
  <datafield tag="686" ind1="1" ind2=" ">
    <subfield code="a">&#x420;636.770.3-59</subfield>
  </datafield>
  <datafield tag="700" ind1=" " ind2="1">
    <subfield code="a">&#x421;&#x43A;&#x43E;&#x43F;&#x438;&#x43D;</subfield>
    <subfield code="b">&#x418;. &#x418;.</subfield>
    <subfield code="g">&#x418;&#x432;&#x430;&#x43D; &#x418;&#x432;&#x430;&#x43D;&#x43E;&#x432;&#x438;&#x447;</subfield>
  </datafield>
  <datafield tag="701" ind1=" " ind2="1">
    <subfield code="8">rus</subfield>
    <subfield code="7">ca</subfield>
    <subfield code="a">&#x414;&#x430;&#x440;&#x432;&#x438;&#x448;</subfield>
    <subfield code="b">&#x41D;. &#x410;.</subfield>
    <subfield code="g">&#x41D;&#x438;&#x434;&#x430;&#x43B; &#x410;&#x445;&#x43C;&#x435;&#x434;&#x43E;&#x432;&#x438;&#x447;</subfield>
    <subfield code="3">RU\NLR\AUTH\7735054</subfield>
    <subfield code="9">18053</subfield>
  </datafield>
  <datafield tag="701" ind1=" " ind2="1">
    <subfield code="a">&#x41C;&#x430;&#x43B;&#x438;&#x43D;&#x438;&#x43D;</subfield>
    <subfield code="b">&#x410;.&#x410;.</subfield>
    <subfield code="g">&#x410;&#x43B;&#x435;&#x43A;&#x441;&#x430;&#x43D;&#x434;&#x440; &#x410;&#x43B;&#x435;&#x43A;&#x441;&#x430;&#x43D;&#x434;&#x440;&#x43E;&#x432;&#x438;&#x447;</subfield>
  </datafield>
  <datafield tag="942" ind1=" " ind2=" ">
    <subfield code="c">BOOK</subfield>
  </datafield>
  <datafield tag="980" ind1=" " ind2=" ">
    <subfield code="a">NBR</subfield>
  </datafield>
</record>
